00383nam a2200145Ia 4500008004100000020001500041041001200056082001600068100001500084245006700099260003500166300000800201650001400209700001400223221030s9999 xx 000 0 und d a8178083345 aEnglish a105.23bMan aM. M. Mano 0aLogic & Computer Design Fundamentalscby M. M. Mano, C.R. Kime bPearson EducationaDelhic2005 a650 aComputers aC.R. Kime